000 00468nam a2200181Ia 4500
005 20250326125532.0
008 250326s9999 xx 000 0 und d
037 _aTextbook
040 _aFMSL
_beng
_cFMSL
041 _aeng
_2eng
084 _aA L0
_qFMSL
100 _aWolf G
_9739254
245 0 _aScientific film in germany
_cWolf G
260 _aLondon
_bLondon, Sam. Lucas
_c1970
300 _a80p
942 _cTB
_hA L0
999 _c1278474
_d1278474